LEADER 01468nam0 2200277 450 001 000040937 005 20150825102550.0 100 $a20150709d2015----km-y0itay50------ba 101 0 $aita 102 $aIT 105 $aa---m-------- 200 1 $aRicerca e sviluppo di materiali costruttivi tradizionali per tecniche di bioarchitettura finalizzata alla valorizzazione del territorio rurale$bTesi di dottorato$fdottoranda: Antonia Lista$gcoordinatore: Severino Romano$gtutor: Pietro Picuno 210 $a[Potenza]$d[2015] 215 $a114 p.$cill.$d30 cm. 328 1$aTesi di dottorato: Università della Basilicata, Dottorato di ricerca in Economia e ingegneria agro-alimentari, ambientali e forestali, XXVII ciclo, A.a. 2013/2014 676 $a711.554$v(20. ed.)$9Urbanistica (Pianificazione territoriale). Aree agricole 686 $aAGR/10$cCostruzioni rurali e territorio agroforestale 700 1$aLista,$bAntonia$0758154 801 0$aIT$bUniversità della Basilicata - B.I.A.$gREICAT$2unimarc 912 $a000040937 996 $aRicerca e sviluppo di materiali costruttivi tradizionali per tecniche di bioarchitettura finalizzata alla valorizzazione del territorio rurale$91530758 997 $aUNIBAS CAT $aSTD102$b00$c20150709$lBAS01$h1337 CAT $aTTM$b30$c20150825$lBAS01$h1025 FMT Z30 -1$lBAS01$LBAS01$mBOOK$1BASA2$APolo Tecnico-Scientifico$2TDO$BTesi di Dottorato$3TDA.26c.LA1$640937-10$54093710$820150731$f98$FConsultazione